000 00518nam a2200181Ia 4500
003 OSt
005 20200206111513.0
008 190216s9999||||xx |||||||||||||| ||und||
040 _coclc
082 _a297.14
_bKAB/S
100 _aKabeer, V A
_91846
245 0 _aShareeathum Indian Muslimkalum /
_cV A Kabeer
250 _a3rd ed.
260 _bIslamic Publishing House,
_aKozhikode:
_c2003.
300 _a142p
650 _aIslamic History
942 _cBK
_2ddc
_h297.14
_iKAB/S
_k297.14
_mKAB/S
999 _c22743
_d22743